Chýry

Bibliographic Details
Main Author: Mirošnyk, Vasyľ (Author)
Other Authors: Heveši, Marián, 1947- (Translator)
Format: Article
Language:Slovak
Subjects:

MARC

LEADER 00000nab a2200000 a 4500
001 vtls000020588
003 SK-MaSNL
005 20260304074722.0
008 250423c1978 xo 0 slo
015 |a SNBRB19rr/mm-uuuuu 
035 |a CL0030682 
035 |a urn:nbn:sk:snk-abb7gh 
035 |a (urnnbn)urn:nbn:sk:snk:ar-0048ai 
035 |a (uuid)aa5b1057-e192-4cfd-a5f9-481541758f24 
040 |a SNKBUCL  |b slo  |c SNKBUCL  |e AACR2 
041 0 |a slo 
044 |a xo  |c SK 
080 |a 883-1  |2 1981 
100 1 |a Mirošnyk, Vasyľ  |4 aut  |9 1364504 
245 1 0 |a Chýry  |c Vasyľ Mirošnyk ; Marián Heveši 
500 |a Pod spoločným názvom Ukrajinské ostne. 
650 0 7 |a epigramy satirické  |2 snkbucl  |9 1001766 
650 0 7 |a sovietska literatúra  |2 snkbucl  |9 22300 
650 0 7 |a kariérizmus  |2 snkbucl  |9 957941 
655 7 |a články z novín a časopisov  |2 snkbucl  |9 267496 
655 7 |a články z odboru literárna veda a krásna literatúra  |2 snkbucl  |9 770045 
700 1 |a Heveši, Marián,  |d 1947-  |4 trl  |9 104700 
773 0 |t Revue svetovej literatúry  |g Roč. 14, č. 7 (1978), s. 63 
850 |a Slovenská národná knižnica 
852 |a Slovenská národná knižnica 
958 |a article15 
958 |a RK 
958 |a LX 
958 |a SK 
958 |a OND 
958 |a EUIPO 
999 |c 2777613  |d 2779543